| 000 | 00609nam a2200193Ia 4500 | ||
|---|---|---|---|
| 003 | GCL | ||
| 008 | 140319s9999 xx 000 0 ara d | ||
| 040 |
_aGCL / _cGCL |
||
| 082 | 0 | 4 |
_a759.46 _bف ر \\=aفاطمة علىv |
| 245 | 1 | 0 | _aرمبرانت |
| 260 |
_aالقاهرة : _bدار اخبار اليوم. قطاع الثقافة |
||
| 300 |
_a28 ص ؛ _c32 سم |
||
| 490 |
_aسلسلة الفن العالمى _v0 |
||
| 650 | 0 | 4 | _aالرسم بالالوان |
| 650 | 0 | 4 | _aاللوحات الفنية |
| 650 | 0 | 4 | _aرسم الاشخاص |
| 650 | 0 | 4 | _aالفنانون - تراجم |
| 942 |
_2ddc _cBK |
||
| 999 |
_c5848 _d5848 |
||